=LDR 00000nam 2200000 4500 =001 INLIS000000000036122 =005 20230515125914 =035 ##$$a 0010-061300000036122 =008 230515################g##########0#ind## =041 ##$$a Ind =082 ##$$a F Rom K =090 ##$$a F Rom K, Dup c =100 ##$$a Dupa =245 1#$$a Cubitus Nggak Pernah Mati, /$c Dupa ; alih bahasa, Suny Mariani =260 ##$$a Jakarta :$b Elex media komputindo,$c 2011 =300 ##$$a 48 hlm, : $b ilus, ; $c 28 x 21 cm =650 #4$$a Fiksi kanak-kanak =700 #$$a Mariani, Suny =850 ##$$a NBPNMAT =020 ##$$a 978-979-27-6945-6 =084 ##$$a F Rom K DUP c =990 ##$$a 21100981 =990 ##$$a 21100980 =990 ##$$a 21100982